000 00507nam a2200205Ia 4500
003 GCL
008 140319s9999 xx 000 0 eng d
040 _aGCL /
_cGCL
082 0 4 _aCH
_b891.7
_bP F
100 1 _aWARD, NATALIE
245 1 0 _aTHE FIRST FISH /
_cWARD, NATALIE
700 1 _aPERMYKA, YEVGENY
260 _a[S.N] :
_bPROGRESS PUBLISHERS ،
_c1977
300 _a14 P
650 0 4 _aLITERATURE
650 0 4 _aCHILDREN
650 0 4 _aFICTION
650 0 4 _aCHILDREN - FICTION
942 _2ddc
_cBK
999 _c15403
_d15403